Language Quiz

Random Language Quiz
Score 0/15 Timer 05:00
0 Plays Today
Riddle Your Answer % Correct
What gets wetter and wetter the more it dries?A towel
95.1%
What can you catch but you cannot throw?A cold --- Achoo!
91.9%
What happens once in a minute, twice in a moment, but never in a billion years?The Letter m
90.2%
The word is 7 letters, preceded God, is greater than God, More evil than the Devil, Poor people have it, rich people need it, if you eat it, you will die.Nothing at all!
74.8%
Throw it off the highest building, and I'll not break. But put me in the ocean, and I will. What am I?Tissue or a Wave
74%
I'm light as a feather, yet the strongest man can't hold me for much more than a minute. What am I?Breath --- Yours smells bad
74%
Give me food, and I will live; give me water, and I will die. What am I?Fire --- BTW your house is on fire!
73.2%
What's black and white and red all over?Newspaper
70.7%
Riddle Your Answer % Correct
I am weightless, but you can see me. Put me in a bucket, and I'll make it lighter. What am I?A Hole
63.4%
I fly, yet I have no wings. I cry, yet I have no eyes. Darkness follows me; lower light I never see.A cloud
48.8%
I'm the part of the bird that's not in the sky. I can swim in the ocean and yet remain dry. What am I?A Shadow
36.6%
When I am filled, I can point the way; When I am empty, Nothing moves me. I have two skins, One without and one within. What am I?A glove or mitten
27.6%
To unravel me You need a key. No key that was made by locksmith's hand, But a key that only I will understand. What am I?I dunno how to spell it
9.8%
I have hands that wave at you, Though I never say goodbye. It's cool for you to be with me, Especially when I say, 'HI.' What am I?An electric fan
8.9%
You do not want to have me, But when you have me, You do not want to lose me. What am I?A law suit
8.1%

You're not logged in!

Compare scores with friends on all Sporcle quizzes.
OR
Log In

Sporcle TV

Today on Sporcle TV


Watch our educational content, quiz creation guides, and fun videos on Sporcle TV.

Show Comments

Extras

Created Oct 14, 2013ReportNominate
Tags:riddle

Top Quizzes Today


Score Distribution

Paid Content

Your Account Isn't Verified!

In order to create a playlist on Sporcle, you need to verify the email address you used during registration. Go to your Sporcle Settings to finish the process.

Report this User

Report this user for behavior that violates our Community Guidelines.

Details: